15 Największych Miast Anglii na Mapie - Statystyki

Ogólne statystyki
  • Ten quiz został rozwiązany 32 razy
  • Średni wynik to 8 z 15
Odpowiedzi na mapie
Odpowiedzi zakodowano w zielono-czerwonej skali na mapie do tego quizu, zgodnie z poniższymi procentami.
 
Statystyki odpowiedzi
Miasto Ludność % Poprawnych
Londyn 8,7 mln
100%
Birmingham 1,1 mln
92%
Manchester 470k
92%
Liverpool 510k
88%
Leeds 530k
75%
Bristol 420k
58%
Newcastle upon Tyne 290k
58%
Leicester 410k
46%
Sheffield 500k
42%
Nottingham 300k
38%
Brighton and Hove 280k
33%
Coventry 340k
33%
Derby 275k
33%
Bradford 330k
21%
Kingston upon Hull 270k
13%
Nie znaleziono quizów pasujących do podanych kryteriów
Rozkład punktacji
Procent ludzi z każdym wynikiem
Percentyl według liczby udzielonych odpowiedzi
Twoja historia wyników
Nie rozwiązałeś tego quizu